[Event "SR 2. liga A 2013/2014"]
[Site "?"]
[Date "2013.11.23"]
[Round "3.1"]
[White "Merva, Frantisek"]
[Black "Mydlarik, Martin"]
[Result "0-1"]
[WhiteElo "2022"]
[BlackElo "2112"]
[PlyCount "100"]
[EventDate "2013.??.??"]

1. d4 Nf6 2. c4 e6 3. Nc3 Bb4 4. Qc2 c5 5. e3 Nc6 6. Nf3 O-O 7. a3 Bxc3+ 8.
Qxc3 b6 9. b4 d6 10. Bb2 cxd4 11. Nxd4 Bb7 12. Rd1 Qe7 13. Nxc6 Bxc6 14. b5 Bb7
15. a4 Rfd8 16. Be2 Rac8 17. O-O d5 18. Qb3 Ne4 19. f3 Nc5 20. Qa2 Rd7 21. Rfe1
Rcd8 22. Bc3 e5 23. cxd5 Bxd5 24. Bc4 Bxc4 25. Rxd7 Rxd7 26. Qxc4 Qd6 27. Ra1
Rc7 28. Bb4 h6 29. Rc1 Qd7 30. Ba3 Ne6 31. Qe2 Rxc1+ 32. Bxc1 Qd5 33. Qc2 Qc5
34. Qxc5 Nxc5 35. a5 bxa5 36. Ba3 Nb7 37. Kf2 f6 38. Ke2 Kf7 39. Kd3 Ke6 40.
Kc4 g6 41. e4 f5 42. exf5+ gxf5 43. b6 axb6 44. Kb5 Nd6+ 45. Kc6 Nc4 46. Bc1 h5
47. g3 e4 48. fxe4 fxe4 49. Kb5 Kd5 50. h3 e3 0-1

[Event "SR 2. liga A 2013/2014"]
[Site "?"]
[Date "2013.11.23"]
[Round "3.1"]
[White "Antol, Ladislav"]
[Black "Kahanec, Jan"]
[Result "1/2-1/2"]
[WhiteElo "2039"]
[BlackElo "1693"]
[PlyCount "106"]
[EventDate "2013.??.??"]

1. e4 e5 2. Nf3 Nc6 3. d4 exd4 4. Nxd4 Nxd4 5. Qxd4 d6 6. Bc4 Be6 7. O-O Nf6 8.
Bxe6 fxe6 9. e5 dxe5 10. Qxe5 Qd6 11. Qb5+ Qc6 12. Qxc6+ bxc6 13. Be3 Bd6 14.
Nd2 Ng4 15. h3 Nxe3 16. fxe3 Bc5 17. Nc4 Rb8 18. Rad1 Be7 19. Rf4 Bf6 20. Re4
Ke7 21. Na5 Rb6 22. Rc4 Rxb2 23. Nxc6+ Kf7 24. Rd7+ Kg6 25. Rxc7 Rf8 26. Rf4
Re8 27. Re4 h6 28. Nd4 e5 29. Rg4+ Kh7 30. Nf5 Rg8 31. Ra4 Ra8 32. Raxa7 Rxa7
33. Rxa7 Rxc2 34. a4 Ra2 35. a5 Kg6 36. g4 h5 37. Ne7+ Bxe7 38. gxh5+ Kf6 39.
Ra6+ Kg5 40. Rg6+ Kxh5 41. Rxg7 Bc5 42. Rg3 Kh4 43. Rf3 Re2 44. Kf1 Rxe3 45.
Rxe3 Bxe3 46. Ke2 Bd4 47. Kf3 Kg5 48. Ke4 Kf6 49. h4 Ke6 50. h5 Kf6 51. a6 Kg5
52. a7 Bxa7 53. Kxe5 Kxh5 1/2-1/2

[Event "SR 2. liga A 2013/2014"]
[Site "?"]
[Date "2013.11.23"]
[Round "3.1"]
[White "Matis, Tibor"]
[Black "Hlubovic, Michal"]
[Result "0-1"]
[WhiteElo "1401"]
[BlackElo "1782"]
[PlyCount "90"]
[EventDate "2013.??.??"]

1. e4 d6 2. d4 Nf6 3. Nc3 Nbd7 4. Bd3 e5 5. Nf3 g6 6. Be3 Bg7 7. Qd2 Ng4 8. d5
Nxe3 9. Qxe3 O-O 10. O-O-O Nc5 11. Be2 a5 12. h4 h6 13. Nd2 Kh7 14. Rdg1 f5 15.
Bf3 f4 16. Qe2 b6 17. g4 Ba6 18. Qd1 b5 19. g5 b4 20. Ncb1 a4 21. gxh6 Bxh6 22.
h5 g5 23. Bg4 Bc8 24. Bxc8 Rxc8 25. c3 Rb8 26. Qf3 Qd7 27. c4 b3 28. a3 Rg8 29.
Qc3 g4 30. f3 g3 31. Nf1 g2 32. Rh2 gxf1=Q+ 33. Rxf1 Rg3 34. Rfh1 Rbg8 35. Nd2
Rg1+ 36. Nf1 R8g2 37. Rxg1 Rxg1 38. Rf2 Qh3 39. Qd2 Rxf1+ 40. Rxf1 Qxf1+ 41.
Qd1 Qxc4+ 42. Kb1 Qd3+ 43. Qxd3 Nxd3 44. Ka1 Kg7 45. Kb1 Kf6 0-1

[Event "SR 2. liga A 2013/2014"]
[Site "?"]
[Date "2013.11.23"]
[Round "3.1"]
[White "Petrakovic, Kamil"]
[Black "Matis, Daniel"]
[Result "1-0"]
[WhiteElo "1828"]
[BlackElo "1227"]
[PlyCount "81"]
[EventDate "2013.??.??"]

1. e4 e5 2. Nf3 Nc6 3. Bb5 d6 4. O-O Nf6 5. d4 Bg4 6. dxe5 dxe5 7. Qxd8+ Rxd8
8. Nxe5 Bd7 9. Nxc6 bxc6 10. Bd3 Bc5 11. Nc3 O-O 12. Nd1 Rfe8 13. Be3 Bxe3 14.
Nxe3 Nxe4 15. Nc4 Nf6 16. Rfe1 g6 17. h3 Nd5 18. c3 Nf4 19. Bf1 Be6 20. Ne5 c5
21. b3 a5 22. Bb5 Rf8 23. Rad1 Rxd1 24. Rxd1 Rb8 25. Bf1 Ra8 26. Nd7 a4 27.
Nxc5 axb3 28. axb3 Ra3 29. c4 Bf5 30. Rd4 Ne6 31. Nxe6 Bxe6 32. b4 Ra1 33. f3
Rb1 34. c5 c6 35. Kf2 Kf8 36. h4 Rb3 37. Bd3 Rb2+ 38. Kg3 Rd2 39. Kf4 Rxg2 40.
Be4 Rc2 41. Bxc2 1-0

[Event "SR 2. liga A 2013/2014"]
[Site "?"]
[Date "2013.11.23"]
[Round "3.1"]
[White "Mezes, Kristof"]
[Black "Soldan, Jan"]
[Result "0-1"]
[WhiteElo "1115"]
[BlackElo "1771"]
[PlyCount "110"]
[EventDate "2013.??.??"]

1. d4 Nf6 2. c4 g6 3. Nc3 Bg7 4. e4 d6 5. Nf3 O-O 6. Bd3 Nbd7 7. O-O e5 8. d5
Nc5 9. Be2 Nfxe4 10. Nxe4 Nxe4 11. Bd3 Nc5 12. Bc2 a5 13. a3 e4 14. Ng5 h6 15.
Nxe4 Nxe4 16. Bxe4 f5 17. Bc2 Bd7 18. Rb1 b6 19. b4 Kh7 20. Bd2 axb4 21. axb4
f4 22. Qf3 Be5 23. Rfe1 Qg5 24. c5 Bg4 25. Qe4 Bf5 26. Qc4 Bh3 27. g3 Qg4 28.
Bd1 Qf5 29. Rb3 fxg3 30. Rf3 gxh2+ 31. Kh1 Qd7 32. Rxf8 Rxf8 33. cxd6 cxd6 34.
Bc2 Rxf2 35. Be4 Rxd2 36. Bf3 Qf7 37. Re3 Rf2 38. b5 Rxf3 39. Rxe5 dxe5 40.
Kxh2 Qf4+ 41. Qxf4 exf4 42. d6 Bd7 43. Kg2 Ra3 44. Kf2 Bxb5 45. Kg2 Bc6+ 46.
Kf2 Ra2+ 47. Kf1 f3 48. Ke1 h5 49. Kf1 b5 50. Ke1 b4 51. Kd1 h4 52. Ke1 b3 53.
Kd1 h3 54. Ke1 h2 55. Kf1 h1=R# 0-1

[Event "SR 2. liga A 2013/2014"]
[Site "?"]
[Date "2013.11.23"]
[Round "3.2"]
[White "Gabris, Ondrej"]
[Black "Sipos, Istvan"]
[Result "0-1"]
[WhiteElo "2243"]
[BlackElo "2465"]
[PlyCount "70"]
[EventDate "2013.??.??"]

1. e4 e5 2. Nf3 Nc6 3. d4 exd4 4. Bc4 Nf6 5. e5 d5 6. Bb5 Ne4 7. Nxd4 Bc5 8.
Be3 Bd7 9. Bxc6 bxc6 10. O-O Qe7 11. f3 Nd6 12. f4 g5 13. Bc1 Nf5 14. c3 gxf4
15. Kh1 Ne3 16. Bxe3 fxe3 17. Qf3 Rb8 18. Qxe3 Rxb2 19. Nd2 Bb6 20. Rae1 Rg8
21. g3 c5 22. e6 fxe6 23. N4f3 c4 24. Qh6 Rg6 25. Qh5 Kd8 26. Ne5 Rg7 27. Qh6
Be8 28. Ndf3 Kc8 29. Nh4 Kb7 30. Rf6 Bg6 31. Qf4 Rf2 32. Nef3 Rf7 33. Rxf7 Bxf7
34. Rb1 Bh5 35. g4 Qxh4 0-1

[Event "SR 2. liga A 2013/2014"]
[Site "?"]
[Date "2013.11.23"]
[Round "3.2"]
[White "Berczes, Csaba"]
[Black "Madar, Martin"]
[Result "1/2-1/2"]
[WhiteElo "2366"]
[BlackElo "2135"]
[PlyCount "107"]
[EventDate "2013.??.??"]

1. Nf3 Nf6 2. g3 g6 3. b3 Bg7 4. Bb2 d6 5. d4 O-O 6. Bg2 Nbd7 7. O-O c5 8. c4
a6 9. Nc3 Qc7 10. Qd2 Rb8 11. dxc5 Nxc5 12. Nd4 Bd7 13. Rac1 Bc6 14. Nd5 Bxd5
15. cxd5 Qd7 16. Rfe1 Rfc8 17. e4 Qd8 18. f4 Qb6 19. Kh1 Ng4 20. Re2 e5 21.
dxe6 Nxe6 22. Nxe6 fxe6 23. Rxc8+ Rxc8 24. Bxg7 Kxg7 25. Bf3 Nh6 26. Kg2 Qc5
27. e5 d5 28. g4 Qc3 29. Qxc3 Rxc3 30. h3 Kf7 31. Kf2 Ke7 32. Re3 Rc1 33. Re1
Rxe1 34. Kxe1 Kd7 35. Kd2 Kc6 36. Kd3 Kc5 37. a3 a5 38. Be2 Nf7 39. h4 Nd8 40.
g5 b5 41. h5 b4 42. axb4+ Kxb4 43. Kc2 Nc6 44. Kb2 Kc5 45. Kc3 Nb4 46. hxg6 d4+
47. Kd2 hxg6 48. Bg4 Nd5 49. Bxe6 Nxf4 50. Bf7 Kc6 51. Kc2 Kd7 52. Kd2 Ke7 53.
Bc4 Kd7 54. Bf7 1/2-1/2

[Event "SR 2. liga A 2013/2014"]
[Site "?"]
[Date "2013.11.23"]
[Round "3.2"]
[White "Gazi, Mikulas"]
[Black "Janko, Michal"]
[Result "0-1"]
[WhiteElo "2108"]
[BlackElo "2260"]
[PlyCount "66"]
[EventDate "2013.??.??"]

1. e4 g6 2. f4 Bg7 3. Nf3 c5 4. Nc3 Nc6 5. Bc4 e6 6. O-O Nge7 7. e5 d5 8. exd6
Qxd6 9. Ne4 Qc7 10. Qe1 Nf5 11. Neg5 Ncd4 12. Nxd4 Nxd4 13. Qe4 Bd7 14. c3 Bc6
15. Qd3 b5 16. cxd4 bxc4 17. Qxc4 Bxd4+ 18. Kh1 Rb8 19. Qc2 O-O 20. d3 Rfd8 21.
Rb1 Bb5 22. b3 Qa5 23. Bd2 Qa6 24. Rf3 Bg7 25. Rc1 Bxd3 26. Qxc5 h6 27. Nh3 Be2
28. Qa5 Qd6 29. Rf2 Qxd2 30. Qxd2 Rxd2 31. Ng1 Rd1 32. Rxd1 Bxd1 33. h3 Rd8 0-1

[Event "SR 2. liga A 2013/2014"]
[Site "?"]
[Date "2013.11.23"]
[Round "3.2"]
[White "Janko, Ladislav"]
[Black "Janos, Ivan"]
[Result "1-0"]
[WhiteElo "2202"]
[BlackElo "2105"]
[PlyCount "99"]
[EventDate "2013.??.??"]

1. e4 c5 2. Nf3 e6 3. c3 Nf6 4. Bd3 b6 5. e5 Nd5 6. c4 Nf4 7. Be4 Nc6 8. O-O
Ng6 9. Nc3 Bb7 10. Re1 Qb8 11. h4 Nd4 12. Bxb7 Qxb7 13. Nxd4 cxd4 14. Nb5 Nxh4
15. Qg4 Nf5 16. Nxd4 h5 17. Qf4 g5 18. Qe4 Qxe4 19. Rxe4 d5 20. exd6 Nxd6 21.
Re2 Bg7 22. Nb3 Rc8 23. d3 g4 24. Bf4 Nf5 25. a4 O-O 26. a5 Rfd8 27. Rd2 h4 28.
axb6 axb6 29. Ra6 e5 30. Be3 Nxe3 31. fxe3 g3 32. Rxb6 e4 33. d4 Rxc4 34. Kf1
Kh7 35. Ke2 Ra8 36. Rb5 Kg6 37. Rd1 Ra2 38. Nd2 Rc6 39. Nxe4 f5 40. Nd2 f4 41.
Nf3 Rc2+ 42. Rd2 Rxd2+ 43. Kxd2 fxe3+ 44. Kxe3 Bf6 45. Kf4 Ra4 46. Rb6 Kf7 47.
Ke3 Bxd4+ 48. Nxd4 Rxd4 49. Kxd4 h3 50. Rc6 1-0

[Event "SR 2. liga A 2013/2014"]
[Site "?"]
[Date "2013.11.23"]
[Round "3.2"]
[White "Syrovy, Ivan"]
[Black "Kosar, Mikulas ml"]
[Result "1/2-1/2"]
[WhiteElo "2029"]
[BlackElo "1881"]
[PlyCount "36"]
[EventDate "2013.??.??"]

1. e4 d5 2. exd5 Nf6 3. d4 Nxd5 4. c4 Nb4 5. a3 N4c6 6. Be3 Bf5 7. Nf3 e6 8.
Nc3 a6 9. Bd3 Bxd3 10. Qxd3 g6 11. h4 Bg7 12. h5 Ne7 13. g4 gxh5 14. Rxh5 Ng6
15. Ng5 Nc6 16. Ne2 Qe7 17. Rxh7 Rxh7 18. Nxh7 Qh4 1/2-1/2

[Event "SR 2. liga A 2013/2014"]
[Site "?"]
[Date "2013.11.23"]
[Round "3.2"]
[White "Puobis, Jozef"]
[Black "Zacik, Anton"]
[Result "0-1"]
[WhiteElo "1857"]
[BlackElo "1959"]
[PlyCount "66"]
[EventDate "2013.??.??"]

1. Nf3 c5 2. e4 e6 3. Nc3 Nc6 4. Bb5 d6 5. d4 cxd4 6. Nxd4 Bd7 7. O-O a6 8.
Nxc6 Bxc6 9. Bd3 Nf6 10. Qf3 b5 11. a3 Qc7 12. Bf4 Nd7 13. Qg3 Ne5 14. Rad1 Ng6
15. Be3 Be7 16. f4 Bf6 17. f5 Be5 18. Qh3 Nf8 19. Qh5 g6 20. Qe2 gxf5 21. exf5
Rg8 22. Ne4 O-O-O 23. Bf4 Bxf4 24. Rxf4 d5 25. Nf6 Rxg2+ 26. Qxg2 Qxf4 27. Rf1
Qd4+ 28. Qf2 Qxf6 29. Qb6 Bb7 30. fxe6 Qg5+ 31. Kf2 d4 32. Ke1 Qc1+ 33. Kf2
Qe3# 0-1

[Event "SR 2. liga A 2013/2014"]
[Site "?"]
[Date "2013.11.23"]
[Round "3.2"]
[White "Srna, Jan"]
[Black "Kosar, Attila"]
[Result "1/2-1/2"]
[WhiteElo "1960"]
[BlackElo "1847"]
[PlyCount "25"]
[EventDate "2013.??.??"]

1. d4 d5 2. Nf3 Nf6 3. b3 Bf5 4. e3 a6 5. c4 e6 6. a3 c5 7. Bb2 Nc6 8. Nc3 dxc4
9. bxc4 Be7 10. Be2 O-O 11. O-O Bg4 12. Ne5 Bxe2 13. Nxe2 1/2-1/2

[Event "SR 2. liga A 2013/2014"]
[Site "?"]
[Date "2013.11.23"]
[Round "3.2"]
[White "Kosar, Mikulas st"]
[Black "Fuchs, Ladislav"]
[Result "1-0"]
[WhiteElo "1701"]
[BlackElo "1921"]
[PlyCount "87"]
[EventDate "2013.??.??"]

1. e4 e5 2. Nf3 Nc6 3. Bc4 Bc5 4. d3 Nf6 5. Nc3 a6 6. a3 O-O 7. O-O h6 8. h3
Ba7 9. Re1 d6 10. Be3 Bxe3 11. Rxe3 Nd4 12. Nd5 Ne6 13. Nc3 Nf4 14. Ne2 Bxh3
15. Nxe5 dxe5 16. Nxf4 Bg4 17. Ne2 Qe7 18. Qe1 Rad8 19. f3 Be6 20. Bxe6 Qxe6
21. Qb4 Qc6 22. Rc1 Rfe8 23. d4 exd4 24. Nxd4 Qd6 25. Qxd6 Rxd6 26. Rd3 g6 27.
Kf2 Kg7 28. Rcd1 Rd7 29. Nb3 Red8 30. e5 Rxd3 31. exf6+ Kxf6 32. Rxd3 Re8 33.
Rd7 Re6 34. Rxc7 Rb6 35. Rc4 h5 36. Rb4 Rc6 37. c3 b5 38. Rf4+ Kg7 39. Rd4 g5
40. Na5 Re6 41. Rd5 f6 42. Nb3 Kg6 43. Nd4 Re8 44. Rd6 1-0

[Event "SR 2. liga A 2013/2014"]
[Site "?"]
[Date "2013.11.23"]
[Round "3.3"]
[White "Frindt, Kornel"]
[Black "Sosovicka, Juraj"]
[Result "0-1"]
[WhiteElo "2164"]
[BlackElo "2188"]
[PlyCount "76"]
[EventDate "2013.??.??"]

1. e4 e5 2. Nf3 Nc6 3. Bb5 f5 4. d4 fxe4 5. Nxe5 Nxe5 6. dxe5 c6 7. Bc4 Qa5+ 8.
Nc3 Qxe5 9. O-O d5 10. Re1 Nf6 11. Be3 Ng4 12. Nxd5 cxd5 13. Bb5+ Kf7 14. f4
Nxe3 15. Rxe3 Qf5 16. Qd4 Be6 17. Rc3 Bd6 18. g4 Qf6 19. Qd2 Bxf4 20. Qg2 Rac8
21. Rf1 g5 22. Rb3 Rc7 23. c3 Kg7 24. Be2 Rf8 25. Ra3 Qe5 26. Kh1 a6 27. Ra4
Rcf7 28. Rb4 Be3 29. Qh3 Rxf1+ 30. Bxf1 Rf3 31. Rxb7+ Bf7 32. Qg2 Rf2 33. Qh3
Qf4 34. Bxa6 Bc5 35. Rxf7+ Qxf7 36. b4 Qf4 37. Qg3 Qc1+ 38. Qg1 Rxh2+ 0-1

[Event "SR 2. liga A 2013/2014"]
[Site "?"]
[Date "2013.11.23"]
[Round "3.3"]
[White "Zatko, Gregor"]
[Black "Danada, Tomas"]
[Result "1/2-1/2"]
[WhiteElo "2188"]
[BlackElo "2099"]
[PlyCount "55"]
[EventDate "2013.??.??"]

1. Nf3 c5 2. e4 Nc6 3. Bb5 Nf6 4. Nc3 Qc7 5. O-O Nd4 6. Re1 Ng4 7. g3 Nxf3+ 8.
Qxf3 Ne5 9. Qd1 e6 10. f4 Nc6 11. b3 Nd4 12. Bb2 b6 13. Bf1 Bb7 14. Nb5 Nxb5
15. Bxb5 a6 16. Bc4 h5 17. Qe2 h4 18. Rad1 hxg3 19. hxg3 f5 20. Bd5 exd5 21.
exf5+ Kf7 22. Bxg7 Bxg7 23. Qe7+ Kg8 24. f6 Bxf6 25. Qxf6 Qc6 26. Qg5+ Kf8 27.
Qe7+ Kg8 28. Qg5+ 1/2-1/2

[Event "SR 2. liga A 2013/2014"]
[Site "?"]
[Date "2013.11.23"]
[Round "3.3"]
[White "Petrik, Stanislav"]
[Black "Oprea, Erik"]
[Result "1-0"]
[WhiteElo "2175"]
[BlackElo "2130"]
[PlyCount "53"]
[EventDate "2013.??.??"]

1. e4 e5 2. Nf3 Nc6 3. d4 exd4 4. c3 d3 5. Bxd3 d6 6. Bc4 Bg4 7. Qb3 Qd7 8.
Bxf7+ Qxf7 9. Qxb7 Kd7 10. Qxa8 Bxf3 11. gxf3 Qxf3 12. Rg1 Qxe4+ 13. Be3 Nf6
14. Nd2 Qe6 15. Nb3 Rg8 16. O-O-O d5 17. Bxa7 Bd6 18. Qb7 Qe4 19. Qb5 Bf4+ 20.
Be3 Bxe3+ 21. fxe3 Qxe3+ 22. Kb1 Kd6 23. Rge1 Qa7 24. c4 d4 25. Qf5 Nd8 26.
Rxd4+ Kc6 27. Qb5# 1-0

[Event "SR 2. liga A 2013/2014"]
[Site "?"]
[Date "2013.11.23"]
[Round "3.3"]
[White "Sosovicka, Matej"]
[Black "Petrik, Karol"]
[Result "1-0"]
[WhiteElo "2098"]
[BlackElo "2107"]
[PlyCount "33"]
[EventDate "2013.??.??"]

1. e4 d5 2. exd5 Qxd5 3. Nc3 Qd6 4. d4 a6 5. Nf3 Nf6 6. g3 Bg4 7. Bg2 Nc6 8. d5
Nb4 9. Bf4 Qd7 10. Qd2 Bxf3 11. Bxf3 Qf5 12. O-O-O g5 13. Bxc7 Qxf3 14. d6 Qc6
15. Rhe1 e6 16. Qxg5 Nd7 17. Rxe6+ 1-0

[Event "SR 2. liga A 2013/2014"]
[Site "?"]
[Date "2013.11.23"]
[Round "3.3"]
[White "Karas, Marek"]
[Black "Ochrana, Ladislav"]
[Result "0-1"]
[WhiteElo "2037"]
[BlackElo "2045"]
[PlyCount "98"]
[EventDate "2013.??.??"]

1. d4 d5 2. c4 e6 3. Nc3 Nf6 4. cxd5 exd5 5. Bg5 c6 6. e3 Bb4 7. Bd3 Bxc3+ 8.
bxc3 Be6 9. Ne2 Nbd7 10. O-O O-O 11. f3 Qc7 12. e4 Kh8 13. e5 Ng8 14. Nf4 Rae8
15. Qe1 Qc8 16. Qh4 h6 17. Nxe6 Rxe6 18. Bf5 Ree8 19. Qh3 Rd8 20. Bxd8 Rxd8 21.
f4 Qc7 22. Bc2 Ne7 23. f5 f6 24. e6 Nb6 25. g4 c5 26. g5 Ng8 27. gxh6 Nxh6 28.
Qe3 cxd4 29. Qxd4 Nc4 30. Rae1 Ne5 31. Re2 b6 32. Bb3 Qc5 33. Rf4 Qb5 34. Rd2
Qe8 35. Bxd5 Nxf5 36. Qf2 g6 37. Be4 Rxd2 38. Qxd2 Qxe6 39. Bxf5 gxf5 40. Rh4+
Kg7 41. Qh6+ Kf7 42. Qh7+ Ke8 43. Qh8+ Ke7 44. Qg7+ Nf7 45. Qg3 Qxa2 46. Qe3+
Ne5 47. Rh7+ Ke6 48. Qg3 Ng4 49. Qc7 Qf2+ 0-1

[Event "SR 2. liga A 2013/2014"]
[Site "?"]
[Date "2013.11.23"]
[Round "3.3"]
[White "Szollos, Ondrej"]
[Black "Polacik, Igor"]
[Result "1/2-1/2"]
[WhiteElo "1983"]
[BlackElo "2168"]
[PlyCount "41"]
[EventDate "2013.??.??"]

1. e4 c5 2. Nf3 Nc6 3. d3 g6 4. c3 Bg7 5. Be2 e6 6. O-O Nge7 7. Be3 b6 8. Qc1
O-O 9. Bh6 d5 10. Bxg7 Kxg7 11. exd5 Qxd5 12. Rd1 Ba6 13. c4 Qd6 14. Nbd2 Rad8
15. a3 Bb7 16. b4 Nf5 17. Ne4 Qe7 18. bxc5 bxc5 19. Rb1 Ba8 20. Qc3+ Nfd4 21.
Bf1 1/2-1/2

[Event "SR 2. liga A 2013/2014"]
[Site "?"]
[Date "2013.11.23"]
[Round "3.3"]
[White "Krajnak, Robert"]
[Black "Kucera, Michal"]
[Result "1-0"]
[WhiteElo "2045"]
[BlackElo "1943"]
[PlyCount "66"]
[EventDate "2013.??.??"]

1. c4 e5 2. Nc3 Nf6 3. Nf3 Nc6 4. d3 d6 5. g3 Be7 6. Bg2 O-O 7. O-O h6 8. Rb1
Rb8 9. b4 a6 10. Nd2 Nd4 11. e3 Ne6 12. Nd5 c6 13. Nxe7+ Qxe7 14. Bb2 Nc7 15.
Qc2 Bf5 16. Rbc1 Rbd8 17. a3 Rd7 18. e4 Bh7 19. f4 exf4 20. Rxf4 Nfe8 21. Bh3
Ne6 22. Rf2 Rc7 23. c5 d5 24. exd5 cxd5 25. Qb3 Qd8 26. Rcf1 Bg6 27. Bg2 Rd7
28. h4 a5 29. Nf3 f6 30. Re1 N8c7 31. Rfe2 Re8 32. Bh3 Rde7 33. Qd1 Nf4 1-0

[Event "SR 2. liga A 2013/2014"]
[Site "?"]
[Date "2013.11.23"]
[Round "3.3"]
[White "Lobodas, Andrej"]
[Black "Orosi, Peter"]
[Result "0-1"]
[WhiteElo "1910"]
[BlackElo "2065"]
[PlyCount "84"]
[EventDate "2013.??.??"]

1. e4 d5 2. exd5 Qxd5 3. d4 e5 4. Be3 exd4 5. Qxd4 Qxd4 6. Bxd4 Nc6 7. Bc3 Bf5
8. Bd3 Bxd3 9. cxd3 O-O-O 10. Nf3 Rxd3 11. O-O f6 12. Nbd2 Bc5 13. Ne4 Bb6 14.
Rfd1 Rxd1+ 15. Rxd1 Nge7 16. b4 Rd8 17. Rxd8+ Nxd8 18. a3 Ne6 19. Bd2 Nd4 20.
Nxd4 Bxd4 21. Kf1 Kd7 22. Ke2 f5 23. Ng5 h6 24. Nf3 Bb2 25. a4 Ke6 26. Kd3 Kd5
27. Bf4 Nc6 28. Bd2 a6 29. Kc2 Bd4 30. Nxd4 Kxd4 31. Bc3+ Kc4 32. Bxg7 Nxb4+
33. Kd2 h5 34. Ke3 Nd5+ 35. Kf3 b5 36. axb5 axb5 37. Ke2 b4 38. Kd2 b3 39. Bb2
c5 40. h3 Nb4 41. f3 Nd3 42. Ba3 h4 0-1

[Event "SR 2. liga A 2013/2014"]
[Site "?"]
[Date "2013.11.23"]
[Round "3.4"]
[White "Cibulka, Vladimir"]
[Black "Dolnak, Michal"]
[Result "1/2-1/2"]
[WhiteElo "2238"]
[BlackElo "2164"]
[PlyCount "81"]
[EventDate "2013.??.??"]

1. d4 Nf6 2. Nf3 g6 3. Bf4 Bg7 4. e3 d6 5. h3 O-O 6. Be2 Nbd7 7. O-O e5 8. Bh2
Qe7 9. c3 h6 10. a4 Nh7 11. Na3 a5 12. Re1 f5 13. Bf1 Nb6 14. Nb5 Nf6 15. Qc2
Re8 16. Rad1 Qf7 17. b3 Be6 18. Nd2 Rad8 19. Nc4 Bd5 20. f3 Qe7 21. dxe5 dxe5
22. Bg3 Nh5 23. Bf2 e4 24. f4 Nf6 25. Bh4 Bxc4 26. Bxc4+ Kh7 27. Rd2 Rxd2 28.
Qxd2 Rd8 29. Qe2 Rd7 30. Rd1 Qd8 31. Rxd7 Qxd7 32. Kf1 Nc8 33. Ke1 c6 34. Nd4
Nd5 35. Qd2 Nce7 36. Bxe7 Nxe7 37. Be6 Qd6 38. Bc4 Bxd4 39. Qxd4 Qxd4 40. cxd4
Kg7 41. Kd2 1/2-1/2

[Event "SR 2. liga A 2013/2014"]
[Site "?"]
[Date "2013.11.23"]
[Round "3.4"]
[White "Slacky, Stanislav"]
[Black "Marosi, Csaba"]
[Result "1-0"]
[WhiteElo "2208"]
[BlackElo "1999"]
[PlyCount "168"]
[EventDate "2013.??.??"]

1. d4 e6 2. c4 d5 3. Nf3 c5 4. cxd5 exd5 5. g3 Nc6 6. Bg2 Nf6 7. O-O Be7 8. Nc3
O-O 9. Bf4 Bg4 10. Ne5 cxd4 11. Nxg4 dxc3 12. Nxf6+ Bxf6 13. bxc3 d4 14. cxd4
Qxd4 15. Rb1 Rad8 16. Qc2 Qd7 17. Bxc6 bxc6 18. Rfc1 Rc8 19. Rd1 Qe6 20. Rb7
Rfe8 21. Be3 Re7 22. Rdb1 c5 23. Qa4 Rxb7 24. Rxb7 Bd4 25. Bxd4 cxd4 26. Qd7 a6
27. Rc7 Re8 28. Qxe6 fxe6 29. Ra7 Rb8 30. Rxa6 Kf7 31. Kg2 Rb2 32. Kf3 Rd2 33.
a4 Ra2 34. h3 Kf6 35. h4 h5 36. Ra5 g6 37. Ra8 Ke5 38. a5 Kf6 39. Rf8+ Ke5 40.
Ra8 Kf6 41. Ke4 Rxe2+ 42. Kxd4 Ke7 43. f3 Kf7 44. a6 Rd2+ 45. Kc4 Ra2 46. Kb3
Ra1 47. a7 Kg7 48. Kc4 Kh7 49. Kc5 Ra6 50. Kd4 Ra5 51. Ke4 Kg7 52. g4 hxg4 53.
fxg4 Kh7 54. Kf4 Kg7 55. Re8 Rxa7 56. Rxe6 Rb7 57. Re4 Ra7 58. Rd4 Re7 59. Rd6
Kf7 60. Kg5 Re4 61. Rf6+ Kg7 62. Rxg6+ Kh7 63. Rf6 Kg7 64. Rg6+ Kh7 65. Rf6 Kg7
66. Rf5 Ra4 67. Rb5 Ra7 68. Re5 Rb7 69. Ra5 Rc7 70. Rb5 Ra7 71. h5 Rc7 72. h6+
Kh7 73. Re5 Rf7 74. Kh5 Ra7 75. g5 Ra8 76. Re7+ Kg8 77. Rd7 Rb8 78. Ra7 Rc8 79.
Rb7 Ra8 80. Rb5 Rc8 81. g6 Kh8 82. Kg5 Ra8 83. h7 Rc8 84. Kh6 Rb8 1-0

[Event "SR 2. liga A 2013/2014"]
[Site "?"]
[Date "2013.11.23"]
[Round "3.4"]
[White "Veselsky, Jozef"]
[Black "Bronis, Marian"]
[Result "1/2-1/2"]
[WhiteElo "2160"]
[BlackElo "2175"]
[PlyCount "96"]
[EventDate "2013.??.??"]

1. d4 c5 2. e3 g6 3. Nf3 Bg7 4. c4 Nf6 5. Nc3 O-O 6. Be2 cxd4 7. exd4 d5 8. O-O
Nc6 9. Bg5 dxc4 10. d5 Na5 11. Qd2 b5 12. Nxb5 Nxd5 13. Rad1 Bb7 14. Qc1 Qc8
15. Rxd5 Bxd5 16. Bxe7 Rb8 17. Bxf8 Qxf8 18. Nc3 Be6 19. Ng5 Bf5 20. Bf3 h6 21.
Nge4 Qb4 22. Nd1 Rd8 23. Nec3 Qc5 24. Ne3 Bd3 25. Rd1 Kh7 26. Ncd5 Qd4 27. Nc3
Qh4 28. Ned5 Re8 29. g3 Qg5 30. Nf4 Qf5 31. Bg2 Bd4 32. Qd2 Qc5 33. Nxd3 cxd3
34. Qf4 Kg7 35. Rxd3 Re1+ 36. Bf1 Nc6 37. Qd2 Ra1 38. Kg2 h5 39. h4 a5 40. a3
Qe5 41. Be2 Bb6 42. Nd5 Bd4 43. Bf3 Bxb2 44. Ne3 Bc1 45. Qe2 Nd4 46. Qd1 Nxf3
47. Qxf3 Bxe3 48. Rxe3 Qb5 1/2-1/2

[Event "SR 2. liga A 2013/2014"]
[Site "?"]
[Date "2013.11.23"]
[Round "3.4"]
[White "Biro, Karol"]
[Black "Darazs, Zoltan"]
[Result "0-1"]
[WhiteElo "2190"]
[BlackElo "2108"]
[PlyCount "134"]
[EventDate "2013.??.??"]

1. c4 Nf6 2. Nc3 g6 3. g3 Bg7 4. Bg2 O-O 5. d4 d6 6. e3 c6 7. Nge2 e5 8. O-O
Be6 9. d5 cxd5 10. cxd5 Bd7 11. h3 Na6 12. Rb1 b5 13. b4 Rc8 14. a4 bxa4 15.
Nxa4 Bf5 16. Rb2 Qd7 17. g4 Be4 18. f3 Bxd5 19. g5 Ne8 20. Qxd5 Qxa4 21. Ra2
Nxb4 22. Rxa4 Nxd5 23. Rxa7 Nec7 24. Ra5 Ra8 25. Bd2 Rxa5 26. Bxa5 Ne6 27. Bd2
Nb6 28. f4 exf4 29. exf4 Nd4 30. Ng3 Nc4 31. Bc1 Re8 32. Bd5 Nb6 33. Bg2 Nb3
34. f5 Nxc1 35. Rxc1 Be5 36. Ne4 gxf5 37. Nf2 Bf4 38. Rb1 Nc4 39. h4 Bg3 40. h5
Nd2 41. Rd1 Bf4 42. Nh3 Be3+ 43. Kh1 f4 44. Ng1 Re5 45. Nf3 Nxf3 46. Bxf3 Rxg5
47. Rxd6 Rg3 48. h6 Kf8 49. Bc6 f3 50. Kh2 f2 51. Bb5 Rg5 52. Rd8+ Ke7 53. Re8+
Kf6 54. Rxe3 Rxb5 55. Kg2 Rf5 56. Kf1 Kg5 57. Rh3 Kg4 58. Rh2 Rf3 59. Rg2+ Kh5
60. Rh2+ Kg5 61. Rh1 f5 62. Rh2 Kf4 63. Rh4+ Kg3 64. Rh5 Ra3 65. Rg5+ Kf4 66.
Rh5 Kg4 67. Rh2 Ra1+ 0-1

[Event "SR 2. liga A 2013/2014"]
[Site "?"]
[Date "2013.11.23"]
[Round "3.4"]
[White "Kalmar, Tamas"]
[Black "Petreje, Juraj"]
[Result "1/2-1/2"]
[WhiteElo "1974"]
[BlackElo "2106"]
[PlyCount "48"]
[EventDate "2013.??.??"]

1. d4 Nf6 2. c4 g6 3. Nc3 Bg7 4. e4 d6 5. f3 Nc6 6. Be3 e5 7. d5 Ne7 8. Qd2
Nfg8 9. Bd3 f5 10. Nge2 f4 11. Bf2 g5 12. g3 Ng6 13. O-O-O h5 14. Rdg1 h4 15.
gxf4 Nxf4 16. Nxf4 exf4 17. Ne2 Be5 18. Bc2 Nh6 19. Ba4+ Kf8 20. h3 Nf7 21. Nd4
Qf6 22. Rg2 a6 23. Kb1 Rh5 24. Ne2 Rh8 1/2-1/2

[Event "SR 2. liga A 2013/2014"]
[Site "?"]
[Date "2013.11.23"]
[Round "3.4"]
[White "Danek, Pavol"]
[Black "Meszaros, Lorant"]
[Result "1/2-1/2"]
[WhiteElo "2209"]
[BlackElo "2027"]
[PlyCount "69"]
[EventDate "2013.??.??"]

1. d4 f5 2. g3 Nf6 3. c4 g6 4. Nc3 Bg7 5. Bg2 O-O 6. Nf3 d6 7. O-O Qe8 8. d5
Na6 9. Bg5 Bd7 10. Nd4 c6 11. Re1 Nc5 12. Bxf6 Bxf6 13. e4 fxe4 14. Nxe4 Nxe4
15. Rxe4 cxd5 16. cxd5 Qf7 17. Ne6 Bxe6 18. dxe6 Qg7 19. Re2 Bxb2 20. Rb1 Bd4
21. Bxb7 Rab8 22. Kg2 Qf6 23. f4 Bc5 24. h4 Kg7 25. Qc2 Qf5 26. Qc3+ Qf6 27.
Qxf6+ Rxf6 28. Rb3 Bb6 29. Ba6 Rf5 30. Rc2 Rc5 31. Rxc5 dxc5 32. Rd3 Bc7 33.
Rb3 Rd8 34. Rd3 Rxd3 35. Bxd3 1/2-1/2

[Event "SR 2. liga A 2013/2014"]
[Site "?"]
[Date "2013.11.23"]
[Round "3.4"]
[White "Vegh, Vince"]
[Black "Mandak, Miroslav"]
[Result "1-0"]
[WhiteElo "1938"]
[BlackElo "2008"]
[PlyCount "55"]
[EventDate "2013.??.??"]

1. e4 b6 2. d4 Bb7 3. Nc3 d6 4. f4 c5 5. d5 a6 6. Nf3 Nd7 7. Bd3 b5 8. b3 Qc7
9. O-O Nh6 10. h3 Nb6 11. Nd2 g6 12. Bb2 f6 13. Kh1 Nf7 14. a4 c4 15. bxc4 Nxc4
16. Nxc4 bxc4 17. Be2 Bc8 18. Qd4 Rb8 19. Rfb1 Bh6 20. Bc1 Rxb1 21. Rxb1 f5 22.
Bxc4 O-O 23. Ne2 Bg7 24. Qd3 fxe4 25. Qb3 h5 26. Ng3 Nh6 27. Be2 Nf5 28. Nxe4
1-0